| 000 | 00742nam a2200301Ia 4500 | ||
|---|---|---|---|
| 008 | 171120s9999 xx 000 0 und d | ||
| 020 | _a9.7807534079e+012 | ||
| 050 | _a567.9 | ||
| 050 | _bM181 2007 | ||
| 100 | _aMadgwick, Wendy | ||
| 245 | _aDinosaurs / | ||
| 245 | _cby Wendy Madgwick. | ||
| 260 | _aLondon : | ||
| 260 | _bKingfisher, | ||
| 260 | _c2007 | ||
| 300 | _a40 pages : | ||
| 300 | _bcolor illustrations ; | ||
| 300 | _c27cm. | ||
| 440 | _aQuestions & answers. | ||
| 500 | _aIncludes index. | ||
| 650 | _aDinosaur -- | ||
| 650 | _aDinosaur -- | ||
| 650 | _aQuestions and answers. | ||
| 650 | _xMiscellanea -- Juvenile literature. | ||
| 650 | _xMiscellanea. | ||
| 700 | _aSeries. | ||
| 700 | _aTitle. | ||
| 999 |
_c345100 _d345100 |
||